EVER BEYOUND THE MUCH TALKED OF SUBCONICIOUS (Record no. 651412)

MARC details
000 -LEADER
fixed length control field 00373pam a2200157a 44500
008 - FIXED-LENGTH DATA ELEMENTS--GENERAL INFORMATION
fixed length control field 230515b1967 xxu||||| |||| 00| 0 eng d
020 ## - INTERNATIONAL STANDARD BOOK NUMBER
International Standard Book Number NULL
041 ## - LANGUAGE CODE
Language code of text/sound track or separate title ENGLISH
082 ## - DEWEY DECIMAL CLASSIFICATION NUMBER
Classification number 630
100 ## - MAIN ENTRY--PERSONAL NAME
Personal name ALONE UDONATH
245 ## - TITLE STATEMENT
Title EVER BEYOUND THE MUCH TALKED OF SUBCONICIOUS
250 ## - EDITION STATEMENT
Edition statement 2
260 ## - PUBLICATION, DISTRIBUTION, ETC.
Place of publication, distribution, etc. DELHI
Name of publisher, distributor, etc. PRAKASH B. PRINTERS
Date of publication, distribution, etc. 1967
300 ## - PHYSICAL DESCRIPTION
Extent 50
650 ## - SUBJECT ADDED ENTRY--TOPICAL TERM
Topical term or geographic name entry element NULL
Holdings
Withdrawn status Lost status Damaged status Not for loan Home library Current library Shelving location Date acquired Source of acquisition Cost, normal purchase price Total Checkouts Full call number Barcode Date last seen Price effective from Koha item type
        College of Engineering, Pune College of Engineering, Pune   28/04/2008 DONATE 50.00   630 ECP-D-701 28/06/2023 28/06/2023 Book